Statistics for Wyoming Head Football Coaches by Picture

Click here to take the quiz!

General Stats

  • This quiz has been taken 4 times
  • The average score is 10 of 28

Answer Stats

Answer% Correct
Craig Bohl
100%
Joe Tiller
75%
Dave Christensen
50%
Dennis Erickson
50%
Fred Akers
50%
Joe Glenn
50%
Paul Roach
50%
Vic Koenning
50%
Al Kincaid
25%
Bill Lewis
25%
Bob Devaney
25%
Bowden Wyatt
25%
Bunny Oakes
25%
Dana Dimel
25%
Fritz Shurmur
25%
George McLaren
25%
Jay Sawvel
25%
J. F. Soule
25%
Joel Hunt
25%
John Corbett
25%
John Rhodes
25%
Lloyd Eaton
25%
Okie Blanchard
25%
Pat Dye
25%
Phil Dickens
25%
Ralph W. Thacker
25%
Willard Witte
25%
William Henry Dietz
25%

Score Distribution

Percentile by Number Answered

Percent of People with Each Score

Your Score History

You have not taken this quiz